000 00664nam a2200253Ia 4500
005 20260121161159.0
008 008 260114s9999 xx 000 0 eng d
020 _a9781003290278
037 _aEBOOK
040 _aCRL
040 _beng
040 _cCRL
041 _2eng
041 _aeng
084 _qCRL
100 _aJaco Barnard-Naude
_91041215
245 0 _aSpectres of Reparation in South Africa:Re-encountering the Truth and Reconciliation Commission
260 _bTaylor and Francis
260 _c2024
856 _uhttp://www.taylorfrancis.com/books/9781003290278
942 _cEBOOK
999 _c1608031
_d1608031